000 006060000a22001810004500
003 MACL
005 20160603155933.0
008 160603b xxu||||| |||| 00| 0 eng d
040 _aMACL
_cMACL
041 _aHindi
082 _a910 SHU
100 _aशुक्‍ल, श्‍यामनारायण
_962178
245 _aमिसीसिपी के पार
_cश्‍यामनारायण शुक्‍ल
260 _bशांति प्रकाशन
_c1996
_aइलाहाबाद
350 _a200
650 _aGeography & Travel
_962179
942 _cHIN
_k910
_2ddc
999 _c12119
_d12119